00564nam a22001577a 4500020000800000040001600008082001600024100004500040245009900085250001200184260005400196300002700250942001200277999001900289952009800308 qHB. cFIZZA ISHAQ a433.21bTER aVeronika Schnorr, Peter Terrell.9134347 aCollins German Dictionary : German-English, English-German /c Peter Terrell Veronika Schnorr. a2nd ED. aNew York:b William Collins Sons & Co Ltd,c1980. axxvi ; 902 P. ;c25 cm 2ddccBK c617325d617325 00102ddc4070aNQCbNQCcDICd2026-05-06l0o433.21 TERpQD-194r2026-05-06w2026-05-06yBK